Medicina militaris Slovaca odborný časopis zdravotníckej služby Armády Slovenskej republiky
| Other Authors: | |
|---|---|
| Format: | Journal |
| Language: | Slovak Czech |
| PhysicalDescription: | zv. 30 cm |
| Published: |
Bratislava
Vojenská informačná a tlačová agentúra
1999-
Bratislava Tlačové a informačné stredisko MO SR Bratislava Vydavateľská a informačná agentúra MO SR Bratislava Vydavateľské oddelenie komunikačného odboru MO SR |
| ISSN: | 1335-5139 |
| Subjects: |
MARC
| LEADER | 00000nas a2200000 a 4500 | ||
|---|---|---|---|
| 001 | vtls008880702 | ||
| 003 | SK-MaSNL | ||
| 005 | 20260425194143.0 | ||
| 008 | 160624c19999999xo ar p 0 0 b0slo d | ||
| 022 | |a 1335-5139 | ||
| 035 | |a (SVKBB03)vtls000046772 | ||
| 040 | |a SVKBB |b slo |c SVKBB |d SAVUK |d SNK |e AACR2 | ||
| 041 | 0 | |a slo |a cze |b eng | |
| 043 | |a e-xo--- | ||
| 044 | |a xo |c SK | ||
| 072 | 7 | |a 355.72 |x Zdravotnícke zariadenia |2 konspekt | |
| 080 | |a 050 |2 2001 | ||
| 080 | |a 616:355 |2 2001 | ||
| 080 | |a 355.3 |2 2001 | ||
| 080 | |a (437.6) |2 2001 | ||
| 080 | |a (051)-027.561 |2 2001 | ||
| 210 | 0 | |a Med. mil. Slovaca | |
| 222 | 0 | |a Medicina militaris Slovaca | |
| 245 | 0 | 0 | |a Medicina militaris Slovaca |b odborný časopis zdravotníckej služby Armády Slovenskej republiky |
| 260 | |a Bratislava |b Vojenská informačná a tlačová agentúra |c 1999- | ||
| 260 | 2 | |3 2/1999-1/2000 |a Bratislava |b Tlačové a informačné stredisko MO SR | |
| 260 | 2 | |3 2/2000-2006 |a Bratislava |b Vydavateľská a informačná agentúra MO SR | |
| 260 | 3 | |3 2007- |a Bratislava |b Vydavateľské oddelenie komunikačného odboru MO SR | |
| 300 | |a zv. |c 30 cm | ||
| 310 | |a 1x ročne |b 2004- | ||
| 321 | |a 2x ročne |b 2002-2003 | ||
| 321 | |a 3x ročne |b 1999-2001 | ||
| 362 | 0 | |a Roč. 1, 1 (1999)- | |
| 500 | |a Časopis má pozastavené vydávanie | ||
| 500 | |a Reg. č.: 1960/98 | ||
| 500 | |a Vedúci red.: 1999- , Marián Durbák | ||
| 500 | |a Podnázov od roč. 5, č. 1 (2003): odborný časopis zdravotníckej služby Ozbrojených síl Slovenskej republiky | ||
| 504 | |a Bibliogr. odkazy | ||
| 546 | |a Čiast. text čes.; Res. angl. | ||
| 550 | |a 1/1999 - vydáva Ministerstvo obrany SR vo Vojenskej informačnej a tlačovej agentúre v spolupráci s Nemocnicou Ministerstva obrany v Bratisalve | ||
| 550 | |a Od č. 2/1999 po č. 1/2000 vydáva Ministerstvo obrany SR v Tlačovom a informačnom stredisku MO SR v spolupráci s Nemocnicou Ministerstva obrany v Bratislave | ||
| 550 | |a Č. 2/2000 vydalo Ministerstvo obrany SR vo Vydavateľskej a informačnej agentúre MO SR v spolupráci s Nemocnicou Ministerstva obrany v Bratislave | ||
| 550 | |a Od č. 3/2000-2006 vydáva Ministerstva obrany SR vo Vydavateľskej a informačnej agentúre MO SR | ||
| 550 | |a 2007- vydáva Ministerstvo obrany SR, Vydavateľské oddelenie komunikačného odboru MO SR | ||
| 650 | 0 | 7 | |a armáda |2 SNKPH |9 1643 |
| 650 | 0 | 7 | |a vojenské zdravotníctvo |2 SNKPH |9 79716 |
| 651 | 7 | |a Slovensko |2 SNKPH |9 14231 | |
| 655 | 7 | |a odborné časopisy |2 SNKPH |9 70505 | |
| 700 | 1 | |a Durbák, Marián |4 pbd |9 215576 | |
| 710 | 1 | |a Slovensko. |b Ministerstvo obrany |4 pbl |9 114952 | |
| 710 | 2 | |a Nemocnica Ministerstva obrany SR |4 pbl |9 33849 | |
| 852 | |a Štátna vedecká knižnica v Banskej Bystrici | ||
| 910 | |a savuk | ||
| 910 | |a snk | ||
| 916 | |a 1999-2010 | ||
| 999 | |c 5262 |d 7192 | ||
| 952 | |t č. 1-3 |a SNK |b SNK |y PREZ |7 0 |p 17A0463400 |o snkČSB 5380/1/1999 |i snk2010/1574 |8 0 |f 1 |0 0 |1 0 |4 0 |d 2010-01-27 |l 0 |r 2026-02-21 19:31:29 |w 2026-02-21 | ||
| 952 | |t č.1-3 |a SNK |b SNK |y PREZ |7 0 |p 17A0463401 |o snkČSB 5380/2/2000 |i snk2010/1576 |8 0 |f 1 |0 0 |1 0 |4 0 |d 2010-01-27 |l 0 |r 2026-02-21 19:31:29 |w 2026-02-21 | ||
| 952 | |t č. 1-3 |a SNK |b SNK |y PREZ |7 0 |p 17A0463402 |o snkČSB 5380/2/2000 D1 |i snk2010/1577 |8 0 |0 0 |1 0 |4 0 |d 2010-01-27 |l 0 |r 2026-02-21 19:31:29 |w 2026-02-21 | ||
| 952 | |t č.1-3 |a SNK |b SNK |y PREZ |7 0 |p 17A0463403 |o snkČSB 5380/3/2001 |i snk2010/1578 |8 0 |f 1 |0 0 |1 0 |4 0 |d 2010-01-27 |l 0 |r 2026-02-21 19:31:29 |w 2026-02-21 | ||
| 952 | |t č. 1-3 |a SNK |b SNK |y PREZ |7 0 |p 17A0463404 |o snkČSB 5380/3/2001 D1 |i snk2010/1579 |8 0 |0 0 |1 0 |4 0 |d 2010-01-27 |l 0 |r 2026-02-21 19:31:29 |w 2026-02-21 | ||
| 952 | |t č.1-2 |a SNK |b SNK |y PREZ |7 0 |p 17A0463405 |o snkČSB 5380/4/2002 |i snk2010/1580 |8 0 |f 1 |0 0 |1 0 |4 0 |d 2010-01-27 |l 0 |r 2026-02-21 19:31:29 |w 2026-02-21 | ||
| 952 | |t č. 1-2 |a SNK |b SNK |y PREZ |7 0 |p 17A0463406 |o snkČSB 5380/4/2002 D1 |i snk2010/1581 |8 0 |0 0 |1 0 |4 0 |d 2010-01-27 |l 0 |r 2026-02-21 19:31:29 |w 2026-02-21 | ||
| 952 | |t č.1-2 |a SNK |b SNK |y PREZ |7 0 |p 17A0635180 |o snkČSB 5380/5/2003 |i snk2010/1582 |8 0 |f 1 |0 0 |1 0 |4 0 |d 2010-01-27 |l 0 |r 2026-02-21 19:31:29 |w 2026-02-21 | ||
| 952 | |t č. 1-2 |a SNK |b SNK |y PREZ |7 0 |p 17A0635181 |o snkČSB 5380/5/2003 D1 |i snk2010/1583 |8 0 |0 0 |1 0 |4 0 |d 2010-01-27 |l 0 |r 2026-02-21 19:31:29 |w 2026-02-21 | ||
| 952 | |t č.1 |a SNK |b SNK |y PREZ |7 0 |p 17A0635184 |o snkČSB 5380/6/2004 |i snk2010/1584 |8 0 |f 1 |0 0 |1 0 |4 0 |d 2010-01-27 |l 0 |r 2026-02-21 19:31:30 |w 2026-02-21 | ||
| 952 | |t č. 1 |a SNK |b SNK |y PREZ |7 0 |p 17A0635183 |o snkČSB 5380/6/2004 D1 |i snk2010/1585 |8 0 |0 0 |1 0 |4 0 |d 2010-01-27 |l 0 |r 2026-02-21 19:31:30 |w 2026-02-21 | ||
| 952 | |t č.1 |a SNK |b SNK |y PREZ |7 0 |p 17A0635185 |o snkČSB 5380/7/2005 |i snk2010/1586 |8 0 |f 1 |0 0 |1 0 |4 0 |d 2010-01-27 |l 0 |r 2026-02-21 19:31:30 |w 2026-02-21 | ||
| 952 | |t č. 1 |a SNK |b SNK |y PREZ |7 0 |p 17A0635186 |o snkČSB 5380/7/2005 D1 |i snk2010/1587 |8 0 |0 0 |1 0 |4 0 |d 2010-01-27 |l 0 |r 2026-02-21 19:31:30 |w 2026-02-21 | ||
| 952 | |t č. 1 |a SNK |b SNK |y PREZ |7 0 |p 17A0635187 |o snkČSB 5380/8/2006 |i snk2010/1588 |8 0 |f 1 |0 0 |1 0 |4 0 |d 2010-01-27 |l 0 |r 2026-02-21 19:31:30 |w 2026-02-21 | ||
| 952 | |t č. 1 |a SNK |b SNK |y PREZ |7 0 |p 17A0635188 |o snkČSB 5380/8/2006 D1 |i snk2010/1589 |8 0 |0 0 |1 0 |4 0 |d 2010-01-27 |l 0 |r 2026-02-21 19:31:30 |w 2026-02-21 | ||
| 952 | |t č.1 |a SNK |b SNK |y PREZ |7 0 |p 17A0635189 |o snkČSB 5380/9/2007 |i snk2010/1590 |8 0 |f 1 |0 0 |1 0 |4 0 |d 2010-01-27 |l 0 |r 2026-02-21 19:31:30 |w 2026-02-21 | ||
| 952 | |t č. 1 |a SNK |b SNK |y PREZ |7 0 |p 17A0635190 |o snkČSB 5380/9/2007 D1 |i snk2010/1591 |8 0 |0 0 |1 0 |4 0 |d 2010-01-27 |l 0 |r 2026-02-21 19:31:30 |w 2026-02-21 | ||
| 952 | |t č.1 |a SNK |b SNK |y PREZ |7 0 |p 17A0635191 |o snkČSB 5380/10/2008 |i snk2010/1592 |8 0 |f 1 |0 0 |1 0 |4 0 |d 2010-01-27 |l 0 |r 2026-02-21 19:31:30 |w 2026-02-21 | ||
| 952 | |t č. 1 |a SNK |b SNK |y PREZ |7 0 |p 17A0635192 |o snkČSB 5380/10/2008 D1 |i snk2010/1593 |8 0 |0 0 |1 0 |4 0 |d 2010-01-27 |l 0 |r 2026-02-21 19:31:30 |w 2026-02-21 | ||
| 952 | |t č. 1-3, úplné obsah v č. 3 |a SNK |b SNK |y PREZ |7 0 |p 17A0463399 |o snkČSB 5380/1/1999 D1 |i snk2010/1575 |8 0 |0 0 |1 0 |4 0 |d 2010-01-27 |l 0 |r 2026-02-21 20:14:58 |w 2026-02-21 | ||
| 952 | |t č.1 |a SNK |b SNK |y PREZ |7 0 |p 17A1085481 |o snkČSB 5380/11/2009 |i snk2013/20117 |8 0 |f 1 |0 0 |1 0 |4 0 |d 2013-09-02 |l 0 |r 2026-02-21 21:24:06 |w 2026-02-21 | ||
| 952 | |t č. 1 |a SNK |b SNK |y PREZ |7 0 |p 17A1085482 |o snkČSB 5380/11/2009 D1 |i snk2013/20118 |8 0 |0 0 |1 0 |4 0 |d 2013-09-02 |l 0 |r 2026-02-21 21:24:06 |w 2026-02-21 | ||
| 952 | |t č. 1 |a SNK |b SNK |y PREZ |7 0 |p 17A1085483 |o snkČSB 5380/12/2010 |i snk2013/20119 |8 0 |f 1 |0 0 |1 0 |4 0 |d 2013-09-02 |l 0 |r 2026-02-21 21:24:09 |w 2026-02-21 | ||
| 952 | |t č. 1 |a SNK |b SNK |y PREZ |7 0 |p 17A1085484 |o snkČSB 5380/12/2010 D1 |i snk2013/20120 |8 0 |0 0 |1 0 |4 0 |d 2013-09-02 |l 0 |r 2026-02-21 21:24:09 |w 2026-02-21 | ||


